000 00767nab a2200229 4500
003 BR-BrBNA
005 20251230164117.0
008 251229b bl.||||| |||| 00| 0 por d
040 _aBR-BrBNA
_bpor
072 _aK10 ; K50 ; D50 ; P01
_b3000
100 _aPontes, Alécia
245 _aAtrás do mercado sustentável
_bAgronegócios
500 _a4 illus.
650 _aPRODUÇÃO FLORESTAL
650 _aMADEIRA
650 _aCERTIFICAÇÃO
650 _aSELO DE QUALIDADE
650 _aSUSTENTABILIDADE
773 0 _01706
_9348086
_dSão Paulo-SP Editora Três Ltda - E-mail: luizfsa@revistadinheiro.com.br 2004
_o2025-0579
_tDinheiro Rural (Brazil)
_x1807-3700
_gv. 9(106) p. 62-64; (Aug 2013)
_wBR2025005349
942 _cANA
999 _c339661
_d339661